[Event "Oberliga Ost-A 2122"]
[Site "Germany"]
[Date "2022.04.02"]
[Round "10.8"]
[White "Kuna, Ralf Michael"]
[Black "Pivtorak, Ilya"]
[Result "1-0"]
[WhiteElo "2110"]
[BlackElo "1626"]
[PlyCount "85"]
[EventDate "2021.10.10"]
[EventType "team-tourn"]
[EventRounds "11"]
[EventCountry "GER"]
[SourceTitle "EXT 2023"]
[Source "ChessBase"]
[SourceDate "2022.10.05"]
[SourceVersion "1"]
[SourceVersionDate "2022.10.05"]
[SourceQuality "1"]
[WhiteTeam "Magdeburg Rochade"]
[BlackTeam "Plauen Koenig"]
[WhiteTeamCountry "GER"]
[BlackTeamCountry "GER"]

1. e4 e5 2. Nf3 Nc6 3. Bb5 a6 4. Bxc6 dxc6 5. d4 exd4 6. Qxd4 Qxd4 7. Nxd4 Bc5 8. Be3 Nf6 9. f3 0-0 10. Nc3 Re8 11. 0-0-0 Ba7 12. Rhe1 c5 13. Nde2 b5 14. Bg5 Nd7 15. Nd5 Bb8 16. Ne7+ Kf8 17. Nxc8 Nf6 18. Bxf6 gxf6 19. Rd5 c4 20. Red1 Rxc8 21. Rd8+ Rxd8 22. Rxd8+ Ke7 23. Rh8 c5 24. Kd1 Kd7 25. c3 Kc6 26. Kc2 h5 27. h4 Kb7 28. Rxh5 Bd6 29. Rf5 Rg8 30. g4 Be7 31. Nf4 Rh8 32. Rh5 Rxh5 33. Nxh5 f5 34. g5 fxe4 35. fxe4 Kc6 36. Kd2 Kd6 37. Ke3 Ke5 38. Nf6 Bxf6 39. gxf6 b4 40. Kf3 a5 41. a3 a4 42. Ke3 Ke6 43. Kf4 1-0

[Event "Oberliga Ost-A 2122"]
[Site "Germany"]
[Date "2021.10.10"]
[Round "1.8"]
[White "Pivtorak, Ilya"]
[Black "Poessel, Christian"]
[Result "0-1"]
[WhiteElo "1626"]
[BlackElo "1991"]
[PlyCount "114"]
[EventDate "2021.10.10"]
[EventType "team-tourn"]
[EventRounds "11"]
[EventCountry "GER"]
[SourceTitle "EXT 2023"]
[Source "ChessBase"]
[SourceDate "2022.10.05"]
[SourceVersion "1"]
[SourceVersionDate "2022.10.05"]
[SourceQuality "1"]
[WhiteTeam "Plauen Koenig"]
[BlackTeam "Nickelhuette Aue"]
[WhiteTeamCountry "GER"]
[BlackTeamCountry "GER"]

1. d4 d6 2. c4 Nf6 3. Nc3 Nbd7 4. e4 e5 5. Nf3 Be7 6. d5 0-0 7. Bd3 Nc5 8. Bc2 a5 9. 0-0 Bg4 10. h3 Bh5 11. Be3 b6 12. Bxc5 bxc5 13. Ba4 Bg6 14. Nd2 Nh5 15. Bc6 Rb8 16. Rb1 Bg5 17. Nb3 Nf4 18. Nxa5 f5 19. f3 Nxh3+ 20. gxh3 Be3+ 21. Kh2 Qg5 22. Qe2 fxe4 23. fxe4 Rxf1 24. Rxf1 Bf4+ 25. Kh1 Qg3 26. Qg2 Qd3 27. Bb5 Bh5 28. Nc6 Rf8 29. Ne7+ Kh8 30. Nf5 g6 31. Nh4 Kg7 32. Nf5+ Kf6 33. Ng3 Ke7 34. Nxh5 gxh5 35. Rf3 Qd4 36. Qf2 Rg8 37. Qxd4 cxd4 38. Ne2 Be3 39. Ng3 Kd8 40. Nxh5 Rg1+ 41. Kh2 Rb1 42. Rg3 Rxb2+ 43. Rg2 Rb1 44. a4 d3 45. c5 d2 46. Be2 dxc5 47. Rg3 Re1 48. Bg4 c4 49. Ng7 c3 50. Ne6+ Kc8 51. Nc5+ Kb8 52. Nd3 c2 53. Bd7 Rh1+ 54. Kxh1 d1Q+ 55. Kh2 Qxd3 56. Rg8+ Ka7 57. Bb5 Bf4+ 0-1

[Event "Oberliga Ost-A 1920"]
[Site "Germany"]
[Date "2021.07.17"]
[Round "10.6"]
[White "Pivtorak, Ilya"]
[Black "Poessel, Christian"]
[Result "0-1"]
[WhiteElo "1475"]
[BlackElo "1998"]
[PlyCount "80"]
[EventDate "2019.09.29"]
[EventType "team-tourn"]
[EventRounds "11"]
[EventCountry "GER"]
[SourceTitle "EXT 2023"]
[Source "ChessBase"]
[SourceDate "2022.10.05"]
[SourceVersion "1"]
[SourceVersionDate "2022.10.05"]
[SourceQuality "1"]
[WhiteTeam "Plauen Koenig"]
[BlackTeam "Aue Nickelhuette II"]
[WhiteTeamCountry "GER"]
[BlackTeamCountry "GER"]

1. d4 Nf6 2. Bf4 g6 3. Nc3 d5 4. Qd2 c6 5. 0-0-0 b5 6. f3 Nbd7 7. e3 b4 8. Nce2 Nb6 9. Ng3 a5 10. e4 h5 11. e5 Ng8 12. h4 Nh6 13. Bd3 Be6 14. Nh3 Bxh3 15. Rxh3 e6 16. Bg5 Qd7 17. Bf6 Rg8 18. Ne2 a4 19. Qg5 Nc4 20. g4 b3 21. a3 bxc2 22. Kxc2 Qb7 23. Bxc4 dxc4 24. Rd2 Qb3+ 25. Kc1 hxg4 26. Rg3 Nf5 27. Rxg4 Bh6 28. Qh5 Bxd2+ 29. Kxd2 Qxb2+ 30. Ke1 c3 31. Qh7 Qd2+ 32. Kf2 Rf8 33. h5 Qe3+ 34. Kf1 Qxf3+ 35. Ke1 Rb8 36. Nc1 Rb1 37. Bg5 Qxg4 38. d5 Qg1+ 39. Ke2 Qxg5 40. dxe6 Qe3+ 0-1

[Event "GER-chT U20"]
[Site "Willingen"]
[Date "2021.06.27"]
[Round "7"]
[White "Pivtorak, Ilya"]
[Black "Rogozenco, Teodora Nana"]
[Result "1/2-1/2"]
[WhiteElo "1509"]
[BlackElo "1978"]
[PlyCount "120"]
[EventDate "2021.06.24"]
[EventType "team-swiss"]
[EventRounds "7"]
[EventCountry "GER"]
[SourceTitle "CBM 203 Extra"]
[Source "ChessBase"]
[SourceDate "2021.09.30"]
[SourceVersion "1"]
[SourceVersionDate "2021.09.30"]
[SourceQuality "1"]
[WhiteTeam "Plauen Koenig"]
[BlackTeam "Hamburger SK"]
[WhiteTeamCountry "GER"]
[BlackTeamCountry "GER"]

1. d4 c5 2. c3 Qa5 3. e3 Nf6 4. Nd2 Qc7 5. Ngf3 d5 6. Bd3 Bg4 7. h3 Bh5 8. Qa4+ Nbd7 9. Ne5 Bg6 10. Bb5 a6 11. Ndf3 0-0-0 12. Be2 Bh5 13. Bd2 Ne4 14. Nxd7 Qxd7 15. Qxd7+ Rxd7 16. Ne5 Bxe2 17. Kxe2 Rc7 18. Nxf7 Rg8 19. Ne5 e6 20. Rhc1 c4 21. f3 Nxd2 22. Kxd2 Bd6 23. f4 g5 24. g4 h5 25. Rf1 gxf4 26. Rxf4 Bxe5 27. dxe5 hxg4 28. Rxg4 Rh8 29. h4 Rch7 30. Rh1 Rh5 31. Ke2 Rxe5 32. Kf3 Kd7 33. e4 Rf8+ 34. Ke3 Rh8 35. Kd4 Kd6 36. exd5 exd5 37. Rg6+ Re6 38. Rxe6+ Kxe6 39. h5 Rh6 40. Re1+ Kf7 41. Re5 Rb6 42. Re2 Rh6 43. Kxd5 Rxh5+ 44. Kxc4 a5 45. b4 b5+ 46. Kd3 axb4 47. cxb4 Kf6 48. Kc3 Rh4 49. Kb3 Rh3+ 50. Kb2 Rg3 51. Rc2 Ke6 52. Rc3 Rg1 53. Rc5 Rg2+ 54. Rc2 Rg3 55. Rc5 Rg2+ 56. Kb3 Rg3+ 57. Rc3 Rg1 58. Rc6+ Kd7 59. Rc2 Rg3+ 60. Kb2 Ke6 1/2-1/2

[Event "GER-chT U20"]
[Site "Willingen"]
[Date "2021.06.26"]
[Round "6"]
[White "Pivtorak, Ilya"]
[Black "Liess, Alexander"]
[Result "0-1"]
[WhiteElo "1509"]
[BlackElo "1911"]
[PlyCount "112"]
[EventDate "2021.06.24"]
[EventType "team-swiss"]
[EventRounds "7"]
[EventCountry "GER"]
[SourceTitle "CBM 203 Extra"]
[Source "ChessBase"]
[SourceDate "2021.09.30"]
[SourceVersion "1"]
[SourceVersionDate "2021.09.30"]
[SourceQuality "1"]
[WhiteTeam "Plauen Koenig"]
[BlackTeam "Regensburg Bavaria"]
[WhiteTeamCountry "GER"]
[BlackTeamCountry "GER"]

1. d4 Nf6 2. Bf4 c5 3. e3 Qb6 4. Nc3 d6 5. Rb1 g6 6. Nf3 Bg7 7. Be2 0-0 8. d5 Bg4 9. h3 Bxf3 10. Bxf3 Qa5 11. 0-0 b5 12. a3 Nbd7 13. b4 cxb4 14. axb4 Qb6 15. Ne2 Rac8 16. Nd4 Nb8 17. Nb3 Nfd7 18. e4 Ne5 19. Be3 Qc7 20. Be2 a6 21. Bd4 Qxc2 22. f4 Qxd1 23. Rfxd1 Nc4 24. Bxg7 Kxg7 25. Rdc1 Na3 26. Rxc8 Rxc8 27. Rc1 Rc2 28. Bd1 Rxc1 29. Nxc1 Kf6 30. Kf2 e6 31. Bb3 Nd7 32. Ne2 e5 33. Ke3 exf4+ 34. Nxf4 Ne5 35. Ne2 Nac4+ 36. Kf4 Nd3+ 37. Kg4 Nce5+ 38. Kg3 Nxb4 39. Nd4 Nbd3 40. Nc6 Nc5 41. Bc2 Nc4 42. Kf2 Na3 43. Bd1 Nxe4+ 44. Ke3 Nc5 45. Be2 Nc4+ 46. Bxc4 bxc4 47. Kd4 Nd3 48. Kxc4 Ne5+ 49. Kb4 Nxc6+ 50. dxc6 Ke7 51. Ka5 Kd8 52. Kxa6 Kc7 53. Kb5 f5 54. g3 g5 55. h4 g4 56. Kc4 f4 0-1

[Event "GER-chT U20"]
[Site "Willingen"]
[Date "2021.06.25"]
[Round "4"]
[White "Pivtorak, Ilya"]
[Black "Tiedemann, Fin Niklas"]
[Result "0-1"]
[WhiteElo "1509"]
[BlackElo "1945"]
[PlyCount "104"]
[EventDate "2021.06.24"]
[EventType "team-swiss"]
[EventRounds "7"]
[EventCountry "GER"]
[SourceTitle "CBM 203 Extra"]
[Source "ChessBase"]
[SourceDate "2021.09.30"]
[SourceVersion "1"]
[SourceVersionDate "2021.09.30"]
[SourceQuality "1"]
[WhiteTeam "Plauen Koenig"]
[BlackTeam "Luebeck"]
[WhiteTeamCountry "GER"]
[BlackTeamCountry "GER"]

1. d4 Nf6 2. Bf4 g6 3. e3 Bg7 4. Nf3 0-0 5. h3 d6 6. c3 Nbd7 7. Nbd2 Re8 8. Bh2 c5 9. Be2 b6 10. 0-0 Bb7 11. a4 a6 12. b4 Ne4 13. Qb3 Nxd2 14. Nxd2 cxd4 15. cxd4 e5 16. dxe5 Nxe5 17. Rad1 Qg5 18. f3 Qe7 19. Nc4 Nxc4 20. Bxc4 Qxe3+ 21. Qxe3 Rxe3 22. Rxd6 Rc3 23. Bxf7+ Kxf7 24. Rd7+ Kg8 25. Rxb7 Bd4+ 26. Kh1 Rac8 27. Bf4 Rb3 28. Bd6 Ra3 29. Rd1 Bf6 30. Rxb6 Rxa4 31. Bc5 Be5 32. Bd6 Bf6 33. Bf4 Be7 34. Bd6 Bf6 35. f4 Rd8 36. Rc1 Bd4 37. Rbc6 Be3 38. Re1 Bd2 39. Re4 a5 40. Ra6 Bxb4 41. Be5 Ra3 42. Ra7 Rd1+ 43. Kh2 Bc5 44. Ra8+ Kf7 45. f5 gxf5 46. Re2 Bg1+ 47. Kh1 f4 48. g4 Rxh3+ 49. Kg2 f3+ 50. Kxh3 fxe2 51. Bg3 Rd3 52. Ra7+ Bxa7 0-1

[Event "GER-chT U16"]
[Site "Magdeburg"]
[Date "2019.12.30"]
[Round "7.5"]
[White "Afonso, Nils"]
[Black "Pivtorak, Ilya"]
[Result "0-1"]
[WhiteElo "1955"]
[BlackElo "1491"]
[PlyCount "54"]
[EventDate "2019.12.27"]
[EventType "team-swiss"]
[EventRounds "7"]
[EventCountry "GER"]
[SourceTitle "CBM 194 Extra"]
[Source "ChessBase"]
[SourceDate "2020.03.31"]
[SourceVersion "1"]
[SourceVersionDate "2020.03.31"]
[SourceQuality "1"]
[WhiteTeam "Kornwestheim"]
[BlackTeam "Plauen Koenig"]
[WhiteTeamCountry "GER"]
[BlackTeamCountry "GER"]

1. e4 c5 2. Nf3 e6 3. d4 cxd4 4. Nxd4 a6 5. Nc3 Qc7 6. a3 Nf6 7. Be3 b5 8. Be2 Bb7 9. f3 Bd6 10. Ndxb5 axb5 11. Nxb5 Qa5+ 12. Bd2 Qb6 13. Be3 Bc5 14. Bxc5 Qxc5 15. Nd6+ Ke7 16. Nxb7 Qc7 17. e5 Qxe5 18. b4 Nd5 19. Na5 Rxa5 20. bxa5 Nc3 21. f4 Qxf4 22. Qd3 Qe5 23. Kf2 Ne4+ 24. Kf3 Qf5+ 25. Ke3 Qf2+ 26. Kxe4 f5+ 27. Ke5 Nc6# 0-1

[Event "GER-chT U16"]
[Site "Magdeburg"]
[Date "2019.12.29"]
[Round "6.9"]
[White "Pivtorak, Ilya"]
[Black "Alkabetz, Michael"]
[Result "1-0"]
[WhiteElo "1491"]
[BlackElo "1644"]
[PlyCount "41"]
[EventDate "2019.12.27"]
[EventType "team-swiss"]
[EventRounds "7"]
[EventCountry "GER"]
[SourceTitle "CBM 194 Extra"]
[Source "ChessBase"]
[SourceDate "2020.03.31"]
[SourceVersion "1"]
[SourceVersionDate "2020.03.31"]
[SourceQuality "1"]
[WhiteTeam "Plauen Koenig"]
[BlackTeam "Stuttgart"]
[WhiteTeamCountry "GER"]
[BlackTeamCountry "GER"]

1. d4 Nf6 2. Bf4 e6 3. e3 c5 4. c3 Nc6 5. Nf3 d6 6. Nbd2 g6 7. Be2 Bg7 8. 0-0 0-0 9. h3 Nd7 10. Bxd6 Re8 11. dxc5 e5 12. b4 e4 13. Nd4 f5 14. Qb3+ Kh8 15. Nb5 Nde5 16. Nc7 Re7 17. Nxa8 Be6 18. Bxe7 Qxd2 19. Qxe6 Nxe7 20. Rad1 Nf3+ 21. gxf3 1-0

[Event "GER-chT U16"]
[Site "Magdeburg"]
[Date "2019.12.27"]
[Round "1.8"]
[White "Hungeling, David"]
[Black "Pivtorak, Ilya"]
[Result "1-0"]
[WhiteElo "1507"]
[BlackElo "1491"]
[PlyCount "65"]
[EventDate "2019.12.27"]
[EventType "team-swiss"]
[EventRounds "7"]
[EventCountry "GER"]
[SourceTitle "CBM 194 Extra"]
[Source "ChessBase"]
[SourceDate "2020.03.31"]
[SourceVersion "1"]
[SourceVersionDate "2020.03.31"]
[SourceQuality "1"]
[WhiteTeam "Muenster"]
[BlackTeam "Plauen Koenig"]
[WhiteTeamCountry "GER"]
[BlackTeamCountry "GER"]

1. e4 e5 2. Nf3 Nc6 3. Bb5 a6 4. Ba4 Nf6 5. 0-0 d6 6. Re1 Bg4 7. c3 Be7 8. h3 Bh5 9. d4 0-0 10. Bxc6 bxc6 11. dxe5 Nd7 12. exd6 cxd6 13. Bf4 f5 14. Bxd6 Bxd6 15. Qxd6 Bxf3 16. gxf3 f4 17. Qe6+ Kh8 18. Rd1 Ra7 19. Kf1 Rf6 20. Qg4 Qc7 21. Na3 Ne5 22. Qg2 Rg6 23. Qh1 Qc8 24. Rd2 Rh6 25. h4 Rd7 26. Rad1 Rxd2 27. Rxd2 g5 28. h5 Qe8 29. Qh3 Rxh5 30. Qf5 Nxf3 31. Qf6+ Kg8 32. Rd8 Qxd8 33. Qxd8+ 1-0

[Event "GER-chT U16"]
[Site "Magdeburg"]
[Date "2019.12.27"]
[Round "2.2"]
[White "Pivtorak, Ilya"]
[Black "Kotyk, Michael"]
[Result "0-1"]
[WhiteElo "1491"]
[BlackElo "2103"]
[PlyCount "80"]
[EventDate "2019.12.27"]
[EventType "team-swiss"]
[EventRounds "7"]
[EventCountry "GER"]
[SourceTitle "CBM 194 Extra"]
[Source "ChessBase"]
[SourceDate "2020.03.31"]
[SourceVersion "1"]
[SourceVersionDate "2020.03.31"]
[SourceQuality "1"]
[WhiteTeam "Plauen Koenig"]
[BlackTeam "Hamburger SK"]
[WhiteTeamCountry "GER"]
[BlackTeamCountry "GER"]

1. d4 f5 2. Bf4 Nf6 3. e3 d6 4. Nf3 e6 5. c3 Be7 6. Nbd2 0-0 7. Bc4 d5 8. Bd3 Nc6 9. h3 Bd7 10. g4 Ne4 11. Qc2 Be8 12. h4 fxg4 13. Ng5 Nxg5 14. hxg5 g6 15. Qd1 Bxg5 16. Qxg4 Bxf4 17. Qxe6+ Rf7 18. 0-0-0 Qd7 19. Qxd7 Bxd7 20. exf4 Rxf4 21. Rdf1 Kg7 22. Nb3 b6 23. Kd2 Raf8 24. Rh2 h5 25. Nc1 Rf3 26. Bb5 Nb8 27. Be2 Rh3 28. Rg2 Rh4 29. Nd3 Bh3 30. Rh2 Bxf1 31. Rxh4 Bxe2 32. Kxe2 Nd7 33. Nf4 Re8+ 34. Kd2 Nf6 35. f3 g5 36. Nxh5+ Kg6 37. Nxf6 gxh4 38. Nxd5 Kf5 39. Ne3+ Kf4 40. Nd5+ Kxf3 0-1